| 000 | 00572nam a2200145Ia 4500 | ||
|---|---|---|---|
| 008 | 100204s9999 xx 000 0 und d | ||
| 082 | _b6251 | ||
| 100 | _aनाईक वसंत | ||
| 245 | _aजागतिक क्रिकेटचा इतिहास | ||
| 260 |
_b"बांदोडकर पब्लिशिंग हाऊस, गोवा" _c1981 |
||
| 300 | _a422+2 | ||
| 630 | _aजागतिक क्रिकेटचा इतिहास | ||
| 730 | _aजागतिक क्रिकेटचा इतिहास | ||
| 942 | _cBOOK | ||
| 999 |
_c450718 _d450715 |
||